000
00275nam a2200109Ia 4500
008
190914s9999||||xx |||||||||||||| ||und||
100
_a
I.H. Qureshi
245
2
_a
A Short History of Pakistan Books One to Four
260
_a
India
_b
Oxford
_c
2003
300
_a
668
942
_c
BK
999
_c
10023
_d
10023